| 000 | 00490cam a22001217a 4500 | ||
|---|---|---|---|
| 008 | 180718b-- xxu||||| |||| 00| 0 eng d | ||
| 082 | _aV431x5432 H266 | ||
| 245 |
_aHaryana flood manual containing instructions regarding relief on account of floods _cby Financial Commissioner & Secretary |
||
| 260 |
_aChandigarh _bFinancial Commissioner & Secretary _c-- |
||
| 500 | _aLibrary has 1989, 1996 | ||
| 650 | _aFloods manual - India - Haryana | ||
| 700 | _aHaryana. Financial Commissioner & Secretary | ||
| 999 |
_c484266 _d484266 |
||